<?xml version="1.0" encoding="UTF-8"?>
<record
    xmlns:xsi="http://www.w3.org/2001/XMLSchema-instance"
    xsi:schemaLocation="http://www.loc.gov/MARC21/slim http://www.loc.gov/standards/marcxml/schema/MARC21slim.xsd"
    xmlns="http://www.loc.gov/MARC21/slim">

  <leader>00700nam a22002297a 4500</leader>
  <controlfield tag="003">OSt</controlfield>
  <controlfield tag="005">20140310183015.0</controlfield>
  <controlfield tag="008">130212t        xxu||||| |||| 00| 0 eng d</controlfield>
  <datafield tag="020" ind1=" " ind2=" ">
    <subfield code="a">9718778004</subfield>
  </datafield>
  <datafield tag="050" ind1=" " ind2=" ">
    <subfield code="a">HM258 </subfield>
    <subfield code="b">.C114 1991 </subfield>
  </datafield>
  <datafield tag="082" ind1=" " ind2=" ">
    <subfield code="a">HM258 </subfield>
    <subfield code="b">.C114 1991 </subfield>
  </datafield>
  <datafield tag="100" ind1=" " ind2=" ">
    <subfield code="a">Cadiz, Maria Celeste Habito </subfield>
  </datafield>
  <datafield tag="245" ind1=" " ind2=" ">
    <subfield code="a">Educational communication for development :</subfield>
    <subfield code="b">basic concepts, theories and knowhow /</subfield>
    <subfield code="c">Maria Celeste Habito Cadiz.</subfield>
  </datafield>
  <datafield tag="250" ind1=" " ind2=" ">
    <subfield code="a">rev. ed.</subfield>
  </datafield>
  <datafield tag="260" ind1=" " ind2=" ">
    <subfield code="a">Laguna :</subfield>
    <subfield code="b">UP Los Ba&#xF1;os,</subfield>
    <subfield code="c">1991.</subfield>
  </datafield>
  <datafield tag="300" ind1=" " ind2=" ">
    <subfield code="a">xii, 161 p. : </subfield>
    <subfield code="c">23 cm.</subfield>
    <subfield code="b">ill. ;</subfield>
  </datafield>
  <datafield tag="521" ind1=" " ind2=" ">
    <subfield code="a">MC</subfield>
  </datafield>
  <datafield tag="650" ind1=" " ind2=" ">
    <subfield code="a">Educational Communication</subfield>
    <subfield code="x">Concepts</subfield>
    <subfield code="x">Theories</subfield>
  </datafield>
  <datafield tag="942" ind1=" " ind2=" ">
    <subfield code="2">lcc</subfield>
    <subfield code="c">BK</subfield>
    <subfield code="k">LOC</subfield>
  </datafield>
  <datafield tag="999" ind1=" " ind2=" ">
    <subfield code="c">18290</subfield>
    <subfield code="d">18290</subfield>
  </datafield>
  <datafield tag="952" ind1=" " ind2=" ">
    <subfield code="0">0</subfield>
    <subfield code="1">0</subfield>
    <subfield code="2">lcc</subfield>
    <subfield code="4">0</subfield>
    <subfield code="a">CL</subfield>
    <subfield code="b">CL</subfield>
    <subfield code="c">GC</subfield>
    <subfield code="d">2004-11-09</subfield>
    <subfield code="e">UP Diliman</subfield>
    <subfield code="g">120.00</subfield>
    <subfield code="l">0</subfield>
    <subfield code="o">HM 258 .C114 2003</subfield>
    <subfield code="p">C5024</subfield>
    <subfield code="r">2018-05-15 00:00:00</subfield>
    <subfield code="w">2013-10-10</subfield>
    <subfield code="y">BK</subfield>
  </datafield>
  <datafield tag="952" ind1=" " ind2=" ">
    <subfield code="0">0</subfield>
    <subfield code="1">0</subfield>
    <subfield code="2">lcc</subfield>
    <subfield code="4">0</subfield>
    <subfield code="a">CL</subfield>
    <subfield code="b">CL</subfield>
    <subfield code="c">GC</subfield>
    <subfield code="d">2013-11-12</subfield>
    <subfield code="e">UP Diliman</subfield>
    <subfield code="g">120.00</subfield>
    <subfield code="l">1</subfield>
    <subfield code="o">HM 258 .C114 2003</subfield>
    <subfield code="p">C5025</subfield>
    <subfield code="r">2019-11-08 00:00:00</subfield>
    <subfield code="s">2019-11-06</subfield>
    <subfield code="t">2</subfield>
    <subfield code="w">2013-11-12</subfield>
    <subfield code="y">BK</subfield>
  </datafield>
</record>
